<?xml version="1.0" encoding="UTF-8"?>
<record
    xmlns:xsi="http://www.w3.org/2001/XMLSchema-instance"
    xsi:schemaLocation="http://www.loc.gov/MARC21/slim http://www.loc.gov/standards/marcxml/schema/MARC21slim.xsd"
    xmlns="http://www.loc.gov/MARC21/slim">

  <leader>00316nam a22001097a 4500</leader>
  <datafield tag="040" ind1=" " ind2=" ">
    <subfield code="c">HS</subfield>
  </datafield>
  <datafield tag="082" ind1=" " ind2=" ">
    <subfield code="a">591</subfield>
  </datafield>
  <datafield tag="100" ind1=" " ind2=" ">
    <subfield code="a">&#x178C;&#x17BB;&#x1780; &#x1786;&#x17C1;&#x1784; , &#x17A0;&#x17C2;&#x1798; &#x1795;&#x17B6;&#x179A;&#x17C9;&#x17B6;&#x178F;</subfield>
  </datafield>
  <datafield tag="245" ind1=" " ind2=" ">
    <subfield code="a">&#x179F;&#x178F;&#x17D2;&#x178F;&#x179C;&#x17B7;&#x1791;&#x17D2;&#x1799;&#x17B6; ( Zoology)</subfield>
  </datafield>
  <datafield tag="260" ind1=" " ind2=" ">
    <subfield code="a">RUA</subfield>
    <subfield code="b">&#x178C;&#x17BB;&#x1780; &#x1786;&#x17C1;&#x1784;,&#x200B; &#x17A0;&#x17C2;&#x1798; &#x1795;&#x17B6;&#x179A;&#x17C9;&#x17B6;&#x178F;</subfield>
    <subfield code="c">2012</subfield>
  </datafield>
  <datafield tag="942" ind1=" " ind2=" ">
    <subfield code="c">KB</subfield>
  </datafield>
  <datafield tag="999" ind1=" " ind2=" ">
    <subfield code="c">8426</subfield>
    <subfield code="d">8426</subfield>
  </datafield>
  <datafield tag="952" ind1=" " ind2=" ">
    <subfield code="0">0</subfield>
    <subfield code="1">0</subfield>
    <subfield code="4">0</subfield>
    <subfield code="6">591_000000000000000_&#x178C;&#x17BB;&#x1780;_2012_C171</subfield>
    <subfield code="7">0</subfield>
    <subfield code="9">48285</subfield>
    <subfield code="a">LBC</subfield>
    <subfield code="b">LBC</subfield>
    <subfield code="c">C171</subfield>
    <subfield code="d">2016-07-27</subfield>
    <subfield code="o">591 &#x178C;&#x17BB;&#x1780; 2012 C171</subfield>
    <subfield code="p">RUA036613</subfield>
    <subfield code="r">2016-10-13</subfield>
    <subfield code="y">KB</subfield>
  </datafield>
  <datafield tag="952" ind1=" " ind2=" ">
    <subfield code="0">0</subfield>
    <subfield code="1">0</subfield>
    <subfield code="4">0</subfield>
    <subfield code="6">591_000000000000000_&#x178C;&#x17BB;&#x1780;_2012</subfield>
    <subfield code="7">0</subfield>
    <subfield code="9">48286</subfield>
    <subfield code="a">LBC</subfield>
    <subfield code="b">LBC</subfield>
    <subfield code="d">2016-07-27</subfield>
    <subfield code="o">591 &#x178C;&#x17BB;&#x1780; 2012</subfield>
    <subfield code="p">RUA060671</subfield>
    <subfield code="r">2016-07-27</subfield>
    <subfield code="w">2016-07-27</subfield>
    <subfield code="y">KB</subfield>
  </datafield>
  <datafield tag="952" ind1=" " ind2=" ">
    <subfield code="0">0</subfield>
    <subfield code="1">0</subfield>
    <subfield code="4">0</subfield>
    <subfield code="6">591_000000000000000_&#x178C;&#x17BB;&#x1780;_2012_C171</subfield>
    <subfield code="7">0</subfield>
    <subfield code="9">48287</subfield>
    <subfield code="a">LBC</subfield>
    <subfield code="b">LBC</subfield>
    <subfield code="c">C171</subfield>
    <subfield code="d">2016-07-27</subfield>
    <subfield code="o">591 &#x178C;&#x17BB;&#x1780; 2012 C171</subfield>
    <subfield code="p">RUA036475</subfield>
    <subfield code="r">2016-10-13</subfield>
    <subfield code="y">KB</subfield>
  </datafield>
  <datafield tag="952" ind1=" " ind2=" ">
    <subfield code="0">0</subfield>
    <subfield code="1">0</subfield>
    <subfield code="4">0</subfield>
    <subfield code="6">591_000000000000000_&#x178C;&#x17BB;&#x1780;_2012_C171</subfield>
    <subfield code="7">0</subfield>
    <subfield code="9">48288</subfield>
    <subfield code="a">LBC</subfield>
    <subfield code="b">LBC</subfield>
    <subfield code="c">C171</subfield>
    <subfield code="d">2016-07-27</subfield>
    <subfield code="o">591 &#x178C;&#x17BB;&#x1780; 2012 C171</subfield>
    <subfield code="p">RUA036376</subfield>
    <subfield code="r">2016-07-27</subfield>
    <subfield code="y">KB</subfield>
  </datafield>
  <datafield tag="952" ind1=" " ind2=" ">
    <subfield code="0">0</subfield>
    <subfield code="1">0</subfield>
    <subfield code="4">0</subfield>
    <subfield code="6">591_000000000000000_&#x178C;&#x17BB;&#x1780;_2012_C171</subfield>
    <subfield code="7">0</subfield>
    <subfield code="9">48289</subfield>
    <subfield code="a">LBC</subfield>
    <subfield code="b">LBC</subfield>
    <subfield code="c">C171</subfield>
    <subfield code="d">2016-07-27</subfield>
    <subfield code="o">591 &#x178C;&#x17BB;&#x1780; 2012 C171</subfield>
    <subfield code="p">RUA036548</subfield>
    <subfield code="r">2016-07-27</subfield>
    <subfield code="y">KB</subfield>
  </datafield>
  <datafield tag="952" ind1=" " ind2=" ">
    <subfield code="0">0</subfield>
    <subfield code="1">0</subfield>
    <subfield code="4">0</subfield>
    <subfield code="6">591_000000000000000_&#x178C;&#x17BB;&#x1780;_2012_C171</subfield>
    <subfield code="7">0</subfield>
    <subfield code="9">48290</subfield>
    <subfield code="a">LBC</subfield>
    <subfield code="b">LBC</subfield>
    <subfield code="c">C171</subfield>
    <subfield code="d">2016-07-27</subfield>
    <subfield code="o">591 &#x178C;&#x17BB;&#x1780; 2012 C171</subfield>
    <subfield code="p">RUA036392</subfield>
    <subfield code="r">2016-10-13</subfield>
    <subfield code="y">KB</subfield>
  </datafield>
  <datafield tag="952" ind1=" " ind2=" ">
    <subfield code="0">0</subfield>
    <subfield code="1">0</subfield>
    <subfield code="4">0</subfield>
    <subfield code="6">591_000000000000000_&#x178C;&#x17BB;&#x1780;_2012_C171</subfield>
    <subfield code="7">0</subfield>
    <subfield code="9">48291</subfield>
    <subfield code="a">LBC</subfield>
    <subfield code="b">LBC</subfield>
    <subfield code="c">C171</subfield>
    <subfield code="d">2016-07-27</subfield>
    <subfield code="o">591 &#x178C;&#x17BB;&#x1780; 2012 C171</subfield>
    <subfield code="p">RUA037241</subfield>
    <subfield code="r">2016-07-27</subfield>
    <subfield code="y">KB</subfield>
  </datafield>
  <datafield tag="952" ind1=" " ind2=" ">
    <subfield code="0">0</subfield>
    <subfield code="1">0</subfield>
    <subfield code="4">0</subfield>
    <subfield code="6">591_000000000000000_&#x178C;&#x17BB;&#x1780;_2012_C171</subfield>
    <subfield code="7">0</subfield>
    <subfield code="9">48292</subfield>
    <subfield code="a">LBC</subfield>
    <subfield code="b">LBC</subfield>
    <subfield code="c">C171</subfield>
    <subfield code="d">2016-07-27</subfield>
    <subfield code="o">591 &#x178C;&#x17BB;&#x1780; 2012 C171</subfield>
    <subfield code="p">RUA036369</subfield>
    <subfield code="r">2016-07-27</subfield>
    <subfield code="y">KB</subfield>
  </datafield>
  <datafield tag="952" ind1=" " ind2=" ">
    <subfield code="0">0</subfield>
    <subfield code="1">0</subfield>
    <subfield code="4">0</subfield>
    <subfield code="6">591_000000000000000_&#x178C;&#x17BB;&#x1780;_2012_C171</subfield>
    <subfield code="7">0</subfield>
    <subfield code="9">48293</subfield>
    <subfield code="a">LBC</subfield>
    <subfield code="b">LBC</subfield>
    <subfield code="c">C171</subfield>
    <subfield code="d">2016-07-27</subfield>
    <subfield code="o">591 &#x178C;&#x17BB;&#x1780; 2012 C171</subfield>
    <subfield code="p">RUA037425</subfield>
    <subfield code="r">2016-07-27</subfield>
    <subfield code="y">KB</subfield>
  </datafield>
  <datafield tag="952" ind1=" " ind2=" ">
    <subfield code="0">0</subfield>
    <subfield code="1">0</subfield>
    <subfield code="4">0</subfield>
    <subfield code="6">591_000000000000000_&#x178C;&#x17BB;&#x1780;_2012_C171</subfield>
    <subfield code="7">0</subfield>
    <subfield code="9">48296</subfield>
    <subfield code="a">LBC</subfield>
    <subfield code="b">LBC</subfield>
    <subfield code="c">C171</subfield>
    <subfield code="d">2016-07-27</subfield>
    <subfield code="o">591 &#x178C;&#x17BB;&#x1780; 2012 C171</subfield>
    <subfield code="p">RUA037181</subfield>
    <subfield code="r">2016-07-27</subfield>
    <subfield code="y">KB</subfield>
  </datafield>
</record>
